000 00515cab a2200193 4500
001 WB2450-06
008 090401t1988 xxu||||| |||| 00| 0 eng d
035 _a(Sirsi) u5439
041 _aeng
245 _aConstruction skills shortage
260 _c1988
350 _a0
490 _aFinancial Times
_v12/12/88 p12
520 _aReports on the current shortage of skilled labour in the British building industry .
650 _aEMPLOYMENT
690 _aBUILT ENVIRONMENT
942 _n0
948 _c04/03/1997
999 _c3236
_d3236